000 00651nam a22002297a 4500
003 UA-OsUOA
001 92326
007 ta
008 20121213b un ||||| |||| 00| 0 ukr d
100 _aЩербак Ю. Н.
090 _a821.161.1
_bЩ61
942 _cBK
040 _aUA-OsUOA
_brus
_cUA-OsUOA
_dUA-OsUOA
245 _aЧернобыль
_bдокументальное повествование
300 _a223 с.
955 _a3
041 _arus
080 _a821.161.1
260 _aК.
_bСоветский писатель
_c1989
650 7 _a82 Література. Літературознавство
_2UDC
999 _c378572
_d378572